| 000 | 00470nam a22001577a 4500 | ||
|---|---|---|---|
| 003 | OSt | ||
| 005 | 20140310182458.0 | ||
| 008 | 130806t xxu||||| |||| 00| 0 eng d | ||
| 050 |
_aKPM 1073 _b.Ev92 2008 |
||
| 100 |
_aEvangelista, Maria Loreto J. _98932 |
||
| 245 |
_aMidwifery law and ethics / _cMaria Loreto J. Evangelista-Sia |
||
| 260 |
_aQuezon, Philippines : _bRMSIA Publishing, _cc2008. |
||
| 300 |
_aix. 351 p. : _c27 cm. |
||
| 942 |
_2lcc _cSSLC |
||
| 999 |
_c13769 _d13769 |
||